[Event "New England Club Championship"]
[Site "SchemingMind.com"]
[Date "2011.04.18"]
[Round "-"]
[White "Uzi Mike"]
[Black "littleboo"]
[Result "1-0"]
[WhiteCountry "USA"]
[BlackCountry "USA"]
[WhiteElo "2236"]
[WhiteRD "74"]
[BlackElo "2090"]
[BlackRD "91"]
[GameID "281130"]

1. d4 Nf6 2. c4 e6 3. Nc3 d5 4. Nf3 Be7 5. Bg5 O-O 6. e3 Nc6 7. Be2 h6 8. Bxf6 Bxf6 9. O-O Re8 10. Qa4 Qd7
11. Rfd1 a6 12. Rac1 Rd8 13. a3 Qe7 14. Bd3 g6 15. Qc2 Bg7 16. h4 g5 17. cxd5 exd5 18. hxg5 hxg5 19. Ne2 g4 20. Nd2 Qh4
21. Nf4 Qh8 22. Qb3 Qh6 23. g3 Qd6 24. Kg2 Ne7 25. Qc2 c6 26. Rh1 Re8 27. Rh5 b6 28. Rh7 c5 29. Nh5 Bh8 30. Rh1 Rd8
31. dxc5 bxc5 32. Ne4 Qe5 33. Nf4 Bg7 34. R1h5 Qxb2 35. Qxc5 Nf5 36. Rxg7+ Nxg7 37. Qe7 Bf5 38. Nf6+
1-0

[Event "New England Club Championship"]
[Site "SchemingMind.com"]
[Date "2011.04.17"]
[Round "-"]
[White "littleboo"]
[Black "Uzi Mike"]
[Result "0-1"]
[WhiteCountry "USA"]
[BlackCountry "USA"]
[WhiteElo "2084"]
[WhiteRD "84"]
[BlackElo "2266"]
[BlackRD "75"]
[GameID "281135"]

1. e4 e5 2. Nf3 Nc6 3. Nc3 d6 4. Bb5 Ne7 5. d4 a6 6. Be2 Nxd4 7. Nxd4 exd4 8. Qxd4 Nc6 9. Qd3 Be7 10. Nd5 O-O
11. Be3 Ne5 12. Qc3 c6 13. Nb6 Rb8 14. Nxc8 Qxc8 15. O-O-O Ng4 16. Ba7 Ra8 17. Bd4 Nf6 18. f3 a5 19. g4 a4 20. g5 Ne8
21. h4 a3 22. b3 d5 23. exd5 cxd5 24. Qxc8 Rxc8 25. f4 Rc6 26. Bf3 Nc7 27. Be5 Re8 28. c4 b5 29. Bxc7 Rxc7 30. Bxd5 Bb4
31. Rh2 g6 32. Kc2 Re3 33. Rf1 bxc4 34. bxc4 Rc8 35. Kc1 Rce8 36. Rd1 Rb8 37. Rc2 Bc5 38. Kd2 Rbe8 39. Bc6 R8e7 40. Kc1 R3e6
41. Bb5 Re2 42. Kb1 Re1 43. Rd2 Rxd1+ 44. Rxd1 Re2 45. Ba4 Rb2+ 46. Ka1 Rf2 47. Kb1 Rxf4 48. Rd5 Rxc4 49. Bb3 Rc3 50. Rd8+ Kg7
51. Rc8 Bb4 52. Rb8 Bd6 53. Ra8 Rc7 54. Ra6 Bg3 55. Ra4 Be1 56. Bd5 h6 57. Rxa3 Bxh4 58. gxh6+ Kxh6 59. Ra8 f5 60. a4 Rc5
61. Bg2 g5 62. a5 g4 63. a6 Bf6 64. Bb7 Ra5 65. Kc2 Ra1 66. Kd3 f4 67. Ke4 f3 68. Kf5 f2 69. Bg2 Kh5 70. Rg8 f1=Q+
71. Bxf1 Rxf1+ 72. Ke6 Bd4 73. Kd5 Rf4 74. Kd6 Kh4 75. a7 Bxa7 76. Rg7 Bd4 77. Rh7+ Kg5
0-1

[Event "New England Club Championship"]
[Site "SchemingMind.com"]
[Date "2011.04.24"]
[Round "-"]
[White "Fiesty 50"]
[Black "JasonY1982"]
[Result "1/2-1/2"]
[WhiteCountry "ENG"]
[BlackCountry "USA"]
[WhiteElo "2269"]
[WhiteRD "94"]
[BlackElo "2004"]
[BlackRD "112"]
[GameID "281624"]

1. e4 c5 2. c3 Nf6 3. e5 Nd5 4. Nf3 Nc6 5. Bc4 Nb6 6. Bb3 d5 7. exd6 Qxd6 8. O-O c4 9. Bc2 Bg4 10. Qe2 Qf6
11. Be4 Qe6 12. d4 cxd3 13. Qxd3 Rd8 14. Qc2 g6 15. Bg5 Bg7 16. Nbd2 h6 17. Be3 Nd5 18. Rfe1 Nxe3 19. Rxe3 O-O 20. Bxc6 Qxc6
21. Rxe7 Rfe8 22. Rxe8+ Rxe8 23. Qd3 Bf5 24. Qc4=
1/2-1/2

[Event "New England Club Championship"]
[Site "SchemingMind.com"]
[Date "2011.04.24"]
[Round "-"]
[White "JasonY1982"]
[Black "Fiesty 50"]
[Result "1/2-1/2"]
[WhiteCountry "USA"]
[BlackCountry "ENG"]
[WhiteElo "2018"]
[WhiteRD "112"]
[BlackElo "2243"]
[BlackRD "95"]
[GameID "281628"]

1. e4 e6 2. d4 d5 3. Nc3 Bb4 4. e5 c5 5. a3 Bxc3+ 6. bxc3 Ne7 7. Qg4 Qc7 8. Qxg7 Rg8 9. Qxh7 cxd4 10. Kd1 Nbc6
11. Nf3 dxc3 12. Ng5 Nxe5 13. Bf4 Qb6 14. Bxe5 Rxg5 15. Qh4 Rg8 16. Bxc3 Bd7 17. Bd3 Rxg2 18. Bb4 Qd8 19. Ke2 Ng6 20. Qxd8+ Kxd8
21. Rag1 Rxg1 22. Rxg1 Kc7 23. Bxg6 Rg8 24. Bc3 Rxg6 25. Rxg6 fxg6 26. Be5+=
1/2-1/2

[Event "New England Club Championship"]
[Site "SchemingMind.com"]
[Date "2011.04.22"]
[Round "-"]
[White "CLewis73"]
[Black "AussieMossie"]
[Result "1/2-1/2"]
[WhiteCountry "ENG"]
[BlackCountry "AUS"]
[WhiteElo "1880"]
[WhiteRD "75"]
[BlackElo "2247"]
[BlackRD "124"]
[GameID "281864"]

1. e4 c5 2. Nc3 Nc6 3. f4 e6 4. Nf3 d5 5. Bb5 Ne7 6. exd5 Nxd5 7. O-O Be7 8. Bxc6+ bxc6 9. Ne5 Qc7 10. d3 O-O
11. Qe1 Rb8 12. Na4 Ba6 13. b3 Bb5 14. Nc3 a5 15. a4 Ba6 16. Be3 f6 17. Nc4 Bxc4 18. dxc4 Nxc3 19. Qxc3 Bd6 20. Bd2 Ra8
21. Rae1 Rfe8 22. Qh3 e5 23. fxe5 Bxe5 24. Bc3 Re7 25. Bxe5 Rxe5 26. Rxe5 Qxe5 27. Qf3 Rd8 28. Qxc6 Qe3+ 29. Kh1 Qe2 30. Rg1 Qxc2
31. Qxc5 Qxb3 32. Qxa5 Rd1 33. c5 Rxg1+ 34. Kxg1 Qe3+ 35. Kf1 Qd3+ 36. Ke1 Qe4+ 37. Kd2 Qd4+ 38. Kc2 Qe4+ 39. Kb3 Qb1+ 40. Kc4 Qf1+
41. Kb4 Qb1+ 42. Kc4 Qf1+ 43. Kd4 Qd1+ 44. Kc4 Qf1+
1/2-1/2

[Event "New England Club Championship"]
[Site "SchemingMind.com"]
[Date "2011.04.26"]
[Round "-"]
[White "lawyertheologian"]
[Black "Phil Cook"]
[Result "1-0"]
[WhiteCountry "USA"]
[BlackCountry "NZL"]
[WhiteElo "2102"]
[WhiteRD "81"]
[BlackElo "2114"]
[BlackRD "84"]
[GameID "281865"]

1. e4 e5 2. Nf3 Nf6 3. Nxe5 d6 4. Nf3 Nxe4 5. d4 d5 6. Bd3 Be7 7. O-O O-O 8. Re1 f5 9. c4 Be6 10. cxd5 Bxd5
11. Nc3 Nxc3 12. bxc3 Nc6 13. Ne5 Nxe5 14. Rxe5 g6 15. Qe2 Rf7 16. c4 Bc6 17. d5 Bd7 18. Bb2 Bd6 19. Re1 Qh4 20. c5 Bxc5
21. d6 Bxd6 22. Bc4 Rf8 23. g3 Qh3 24. Qe3 Bc6 25. f3 b5 26. Bb3 h6 27. Qc3 Bxf3 28. Bxf7+ Kh7 29. Bxg6+
1-0

[Event "New England Club Championship"]
[Site "SchemingMind.com"]
[Date "2011.04.22"]
[Round "-"]
[White "abuteague"]
[Black "michel"]
[Result "0-1"]
[WhiteCountry "USA"]
[BlackCountry "CAN"]
[WhiteElo "1757"]
[WhiteRD "67"]
[BlackElo "2066"]
[BlackRD "63"]
[GameID "281866"]

1. d4 Nf6 2. Bg5 c5 3. Bxf6 gxf6 4. d5 Qb6 5. Qc1 f5 6. c4 Bg7 7. Nc3 d6 8. e3 Nd7 9. Nf3 Nf6 10. Bd3 O-O
11. O-O e5 12. dxe6 fxe6 13. e4 fxe4 14. Nxe4 Qc7 15. Qc2 b6 16. Nxf6+ Bxf6 17. h4 h6 18. Qd2 Qg7 19. Rfe1 Rd8 20. Be4 Rb8
21. Rab1 Kf7 22. h5 Kg8 23. Bg6 Rb7 24. Nh2 Re7 25. g3 Bb7 26. b3 Bc3 27. Qd3 Bxe1 28. Rxe1 Qf6 29. Ng4 Qg5 30. Bh7+ Kh8
31. Qg6 Rxh7
0-1

[Event "New England Club Championship"]
[Site "SchemingMind.com"]
[Date "2011.04.23"]
[Round "-"]
[White "AussieMossie"]
[Black "CLewis73"]
[Result "1-0"]
[WhiteCountry "AUS"]
[BlackCountry "ENG"]
[WhiteElo "2331"]
[WhiteRD "105"]
[BlackElo "1902"]
[BlackRD "78"]
[GameID "281868"]

1. e4 e6 2. d4 d5 3. Nc3 dxe4 4. Nxe4 Be7 5. Nf3 Nf6 6. Nxf6+ Bxf6 7. Bd3 c5 8. dxc5 Qa5+ 9. c3 Bxc3+ 10. Bd2 Bxd2+
11. Qxd2 Qxd2+ 12. Kxd2 Nc6 13. Kc3 O-O 14. Be4 Ne7 15. Rhe1 f5 16. Bd3 Nd5+ 17. Kb3 Nf4 18. Bf1 Bd7 19. g3 Nd5 20. Ne5 Be8
21. Bg2 Rc8 22. Rac1 g6 23. f4 Kg7 24. Bxd5 exd5 25. Red1 Bc6 26. Kc3 a5 27. Kd4 Rfe8 28. Rd3 a4 29. Re1 Bb5 30. Ra3 Kf6
31. h3 Re6 32. b4 Kg7= 33. Kxd5 Ree8 34. Kd4 Rcd8+ 35. Ke3 g5 36. Rc3 Kf6 37. Rg1 Rd5 38. a3 Red8 39. Rgc1 Rd2 40. R1c2 gxf4+
41. gxf4 Rd1 42. Rc1 R1d2 43. Kf3 Rh2 44. Kg3 Rhd2 45. R3c2 Rxc2 46. Rxc2 Rd1 47. Rc3 Rg1+ 48. Kh4 Rb1 49. Rf3 Rb3 50. Rg3 Bc6
51. Nc4 Be4 52. Nd6 Ke6 53. Nb5 Kf6 54. Nd6 Ke6 55. Nb5 Kf6 56. Nc3 Bc6 57. Ne2 Rb2 58. Re3 Rb3 59. Nc3 Rb2 60. b5 Be4
61. c6 bxc6 62. Nxe4+ fxe4 63. bxc6
1-0

[Event "New England Club Championship"]
[Site "SchemingMind.com"]
[Date "2011.04.26"]
[Round "-"]
[White "Phil Cook"]
[Black "lawyertheologian"]
[Result "1-0"]
[WhiteCountry "NZL"]
[BlackCountry "USA"]
[WhiteElo "2114"]
[WhiteRD "84"]
[BlackElo "2102"]
[BlackRD "81"]
[GameID "281869"]

1. d4 f5 2. g3 Nf6 3. Bg2 d6 4. Nf3 g6 5. O-O Bg7 6. Nc3 O-O 7. d5 c6 8. Nd4 cxd5 9. Nxd5 Ne4 10. Nf4 Nc5
11. Bd5+ Kh8 12. c3 e5 13. Nfe6 Nxe6 14. Nxe6 Bxe6 15. Bxe6 Nc6 16. e4 Qf6 17. exf5 gxf5 18. Bd5 e4 19. f3 Qg6 20. Qe2 Rae8
21. fxe4 fxe4 22. Rxf8+ Bxf8 23. Be3 Qf5 24. Qc4 Qf3 25. Re1 Bg7 26. Bf4 Be5 27. Bxc6 bxc6 28. Qxc6 Rb8 29. Bxe5+ dxe5 30. Rf1 Qe3+
31. Kh1 Qg5 32. Qxe4
1-0

[Event "New England Club Championship"]
[Site "SchemingMind.com"]
[Date "2011.04.22"]
[Round "-"]
[White "michel"]
[Black "abuteague"]
[Result "1/2-1/2"]
[WhiteCountry "CAN"]
[BlackCountry "USA"]
[WhiteElo "2066"]
[WhiteRD "63"]
[BlackElo "1757"]
[BlackRD "67"]
[GameID "281870"]

1. Nf3 d6 2. d4 Nf6 3. c4 g6 4. Nc3 Bg7 5. e4 O-O 6. Be2 c5 7. O-O cxd4 8. Nxd4 Nc6 9. Nc2 Nd7 10. Bd2 a5
11. Na3 Nc5 12. Nab5 b6 13. Be3 Bb7 14. f3 Ba6 15. Nd4 Nxd4 16. Bxd4 Rb8 17. Bxg7 Kxg7 18. f4 e6 19. f5 exf5 20. exf5 f6
21. fxg6 hxg6 22. b3 Bb7 23. Bf3 Bxf3 24. Rxf3 Rb7 25. Qd2 Re7 26. Rd1 Re6 27. Qf4 Rfe8 28. Rh3 Rh8 29. Rxh8 Kxh8 30. Qh6+ Kg8
31. Qxg6+ Kf8 32. h4 Qe7 33. Nd5 Re1+ 34. Rxe1 Qxe1+ 35. Kh2=
1/2-1/2

[Event "New England Club Championship"]
[Site "SchemingMind.com"]
[Date "2011.04.29"]
[Round "-"]
[White "Vermonty"]
[Black "zogger"]
[Result "0-1"]
[WhiteCountry "USA"]
[BlackCountry "GER"]
[WhiteElo "1932"]
[WhiteRD "71"]
[BlackElo "2191"]
[BlackRD "67"]
[GameID "282082"]

1. e4 c6 2. d4 d5 3. e5 c5 4. c3 Nc6 5. Nf3 Bg4 6. Nbd2 cxd4 7. cxd4 Qb6 8. Be2 e6 9. O-O Nge7 10. Nb3 Nf5
11. Be3 Be7 12. Rc1 Bxf3 13. Bxf3 Nxe3 14. fxe3 O-O 15. Qe2 a5 16. Rcd1 Rac8 17. Nc1 Nb4 18. a3 Nc2 19. Rd2 Qxb2 20. Nd3 Qb3
21. Rf2 Nxa3 22. g3 Nc4 23. Rc2 Bg5 24. Nf4 Nxe3
0-1

[Event "New England Club Championship"]
[Site "SchemingMind.com"]
[Date "2011.04.27"]
[Round "-"]
[White "NYNH"]
[Black "toms_dad"]
[Result "1-0"]
[WhiteCountry "USA"]
[BlackCountry "ENG"]
[WhiteElo "2076"]
[WhiteRD "75"]
[BlackElo "2024"]
[BlackRD "96"]
[GameID "282083"]

1. d4 f5 2. Bg5 g6 3. e3 Bg7 4. Nd2 Nh6 5. Bxh6 Bxh6 6. h4 Bg7 7. h5 d5 8. hxg6 hxg6 9. Rxh8+ Bxh8 10. Bd3 Nc6
11. f4 e6 12. Ngf3 Bd7 13. c3 Bf6 14. Kf2 Qe7 15. b4 a6 16. Nb3 a5 17. b5 Na7 18. a4 Nc8 19. Qh1 Nd6 20. Qh6 Qg7
21. Rh1 O-O-O 22. Nxa5 b6 23. Nb3 c6 24. Ne5 cxb5 25. axb5 Bxb5 26. Bxb5 Nxb5 27. Qxg7 Bxg7 28. Nxg6 Kb7 29. Rh7 Rd7 30. Nf8
1-0

[Event "New England Club Championship"]
[Site "SchemingMind.com"]
[Date "2011.04.29"]
[Round "-"]
[White "zogger"]
[Black "Vermonty"]
[Result "1-0"]
[WhiteCountry "GER"]
[BlackCountry "USA"]
[WhiteElo "2191"]
[WhiteRD "67"]
[BlackElo "1932"]
[BlackRD "71"]
[GameID "282088"]

1. f4 Nf6 2. Nf3 g6 3. g3 Bg7 4. Bg2 O-O 5. O-O c5 6. d3 d5 7. c3 Nc6 8. Na3 Bg4 9. Ne5 Nxe5 10. fxe5 Nh5
11. Qb3 Bxe5 12. Bxd5 e6 13. Bf3 Bxf3 14. Rxf3 Qd7 15. Bg5 f6 16. Bh6 Rf7 17. Nc4 Bd6 18. Raf1 f5 19. e4 Ng7 20. a4 Qc7
21. d4 Re8 22. e5 Bf8 23. Rd3 Rd7 24. Rfd1 Ree7 25. Nd6 Ne8 26. Bf4 cxd4 27. Rxd4 h6 28. Nxe8
1-0

[Event "New England Club Championship"]
[Site "SchemingMind.com"]
[Date "2011.04.27"]
[Round "-"]
[White "toms_dad"]
[Black "NYNH"]
[Result "1/2-1/2"]
[WhiteCountry "ENG"]
[BlackCountry "USA"]
[WhiteElo "2024"]
[WhiteRD "96"]
[BlackElo "2076"]
[BlackRD "75"]
[GameID "282089"]

1. f4 c5 2. Nf3 Nf6 3. d3 Nc6 4. e4 g6 5. Be2 Bg7 6. O-O O-O 7. e5 Ne8 8. Be3 d6 9. c3 dxe5 10. fxe5 Nxe5
11. Bxc5 b6 12. Nxe5 Bxe5 13. Be3 Bb7 14. d4 Bg7 15. Bf3 Bxf3 16. Qxf3 Nd6 17. Nd2 e5 18. dxe5 Bxe5 19. Qd5 Bg7 20. Bg5 Qc7
21. Rae1 Rae8 22. Bf4 Rxe1 23. Rxe1 Rd8 24. Nf3 Qc4 25. Qxc4 Nxc4 26. b3 Na5 27. c4 Nc6=
1/2-1/2

[Event "New England Club Championship"]
[Site "SchemingMind.com"]
[Date "2011.04.28"]
[Round "-"]
[White "Coretismo"]
[Black "Professor"]
[Result "1/2-1/2"]
[WhiteCountry "ENG"]
[BlackCountry "USA"]
[WhiteElo "2050"]
[WhiteRD "104"]
[BlackElo "2199"]
[BlackRD "100"]
[GameID "282370"]

1. c4 e5 2. Nc3 Nf6 3. g3 Bb4 4. Bg2 O-O 5. e4 Bxc3 6. dxc3 d6 7. Qe2 Nbd7 8. Nf3 Nc5 9. Nh4 a6 10. b3 b5
11. Ba3 Nfd7 12. Rd1 Bb7 13. O-O Bc6 14. Rfe1 bxc4 15. Bxc5 Nxc5 16. Qxc4 Re8 17. Nf5 Rb8 18. b4 Bb5 19. Qd5 Na4 20. Qd2 Nb6
21. Bf1 Qf6 22. Ne3 Qe6 23. Bd3 Nc4 24. Nxc4 Bxc4 25. Qe2 Bxd3= 26. Qxd3 a5 27. b5 Qxa2 28. Ra1 Qe6 29. Rxa5 Ra8 30. Rea1 Rxa5
31. Rxa5 h5 32. Ra7 Rc8 33. Qd5 g5 34. Ra8 Rxa8 35. Qxa8+ Kg7 36. Qd8 Qg4 37. Qxc7=
1/2-1/2

[Event "New England Club Championship"]
[Site "SchemingMind.com"]
[Date "2011.04.27"]
[Round "-"]
[White "Professor"]
[Black "Coretismo"]
[Result "1-0"]
[WhiteCountry "USA"]
[BlackCountry "ENG"]
[WhiteElo "2188"]
[WhiteRD "100"]
[BlackElo "2029"]
[BlackRD "116"]
[GameID "282374"]

1. e4 e5 2. Nf3 Nf6 3. Nxe5 d6 4. Nf3 Nxe4 5. Nc3 d5 6. Qe2 Be7 7. Nxe4 O-O 8. Ng3 Re8 9. Qd1 Bg4 10. Be2 Bf6
11. O-O Qe7 12. h3 Bd7 13. d4 Nc6 14. c3 Qd6 15. Nh5
1-0

[Event "New England Club Championship"]
[Site "SchemingMind.com"]
[Date "2011.07.07"]
[Round "-"]
[White "JasonY1982"]
[Black "michel"]
[Result "1-0"]
[WhiteCountry "USA"]
[BlackCountry "CAN"]
[WhiteElo "2080"]
[WhiteRD "105"]
[BlackElo "1865"]
[BlackRD "61"]
[GameID "288272"]

1. e4 e5 2. Nf3 Nc6 3. Bb5 a6 4. Ba4 Nge7 5. O-O g6 6. c3 Bg7 7. d4 b5 8. Bb3 exd4 9. cxd4 O-O 10. Nc3 d6
11. h3 Na5 12. Bc2 c5 13. dxc5 dxc5 14. Be3 Qc7 15. Qc1 Bb7 16. Bf4 Qc8 17. Bd6 Re8 18. Be5 f6 19. Bg3 Kh8 20. Rb1 Nec6
21. Nd5
1-0

[Event "New England Club Championship"]
[Site "SchemingMind.com"]
[Date "2011.07.07"]
[Round "-"]
[White "michel"]
[Black "JasonY1982"]
[Result "0-1"]
[WhiteCountry "CAN"]
[BlackCountry "USA"]
[WhiteElo "1865"]
[WhiteRD "61"]
[BlackElo "2080"]
[BlackRD "105"]
[GameID "288279"]

1. Nf3 Nf6 2. c4 g6 3. Nc3 Bg7 4. e4 d6 5. d4 O-O 6. Be2 e5 7. O-O Nc6 8. Be3 Ng4 9. Bg5 f6 10. Bc1 f5
11. Bg5 Qd7 12. dxe5 fxe4 13. Nxe4 Ngxe5 14. Nxe5 Nxe5 15. Qd2 Qf7 16. b3 Bd7 17. f4 Nc6 18. Rad1 Rae8 19. Nc3 Bxc3
0-1

[Event "New England Club Championship"]
[Site "SchemingMind.com"]
[Date "2011.07.14"]
[Round "-"]
[White "lawyertheologian"]
[Black "NYNH"]
[Result "0-1"]
[WhiteCountry "USA"]
[BlackCountry "USA"]
[WhiteElo "2012"]
[WhiteRD "84"]
[BlackElo "2092"]
[BlackRD "73"]
[GameID "288600"]

1. e4 c5 2. Nf3 a6 3. c4 e6 4. d4 cxd4 5. Nxd4 Nf6 6. Nc3 Bb4 7. Bd3 Nc6 8. Nxc6 dxc6 9. Bf4 Qd4 10. O-O Bxc3
11. Be3 Qd6 12. bxc3 e5 13. c5 Qe7 14. f3 Nd7 15. f4 Nxc5 16. fxe5 O-O 17. Bd4 Nd7 18. Qh5 c5 19. Be3 Nxe5 20. Be2 f6
21. Qh4 Be6 22. Qf2 Rac8 23. a4 Bc4 24. Rfd1 b5 25. axb5 axb5 26. Rab1 Bxe2 27. Qxe2 b4 28. Bf4 Rfd8 29. Rxd8+ Rxd8 30. Bxe5 Qxe5
31. cxb4 Qd4+ 32. Kh1 cxb4 33. h3 Qc3 34. Qa2+ Kh8 35. Qa5 Rb8 36. Qa7 Qc8 37. Qa4 Qb7 38. Re1 b3 39. Rb1 b2 40. Qd4 Qb5
41. Qd5 Qxd5 42. exd5 Kg8 43. Kg1 Kf8 44. Kf2 Rb3 45. Ke2 Ke7 46. Kd2 Rg3
0-1

[Event "New England Club Championship"]
[Site "SchemingMind.com"]
[Date "2011.07.16"]
[Round "-"]
[White "NYNH"]
[Black "lawyertheologian"]
[Result "1-0"]
[WhiteCountry "USA"]
[BlackCountry "USA"]
[WhiteElo "2072"]
[WhiteRD "72"]
[BlackElo "2009"]
[BlackRD "81"]
[GameID "288606"]

1. d4 f5 2. Bg5 h6 3. Bh4 c5 4. e4 Qb6 5. exf5 Nf6 6. Nd2 d5 7. dxc5 Qxb2 8. Ngf3 Bxf5 9. Rb1 Qxc2 10. Qxc2 Bxc2
11. Rxb7 Nbd7 12. c6 Nc5 13. Bb5 g5 14. c7+ Kf7 15. Ne5+ Ke6 16. Rb8 Bg7 17. Nc6 Nfd7 18. Nd8+ Kd6 19. Bg3+ e5 20. Rxa8 Kxc7
21. Bxd7 Rxd8 22. Rxd8 Kxd8 23. Bb5 h5 24. Nf3 a6 25. Be2
1-0

[Event "New England Club Championship"]
[Site "SchemingMind.com"]
[Date "2011.07.13"]
[Round "-"]
[White "zogger"]
[Black "AussieMossie"]
[Result "0-1"]
[WhiteCountry "GER"]
[BlackCountry "AUS"]
[WhiteElo "2172"]
[WhiteRD "70"]
[BlackElo "2331"]
[BlackRD "105"]
[GameID "288668"]

1. e4 c5 2. Nf3 Nc6 3. d3 Nf6 4. g3 d5 5. Nbd2 e5 6. Bg2 dxe4 7. dxe4 Be7 8. O-O O-O 9. c3 Qc7 10. Qe2 Be6
11. Nc4 Rad8 12. Nh4 g6 13. Bh6 Rfe8 14. Ne3 Qa5 15. f4 exf4 16. gxf4 Qc7 17. Bg5 Nh5 18. Bxe7 Qxe7 19. Qf2 Qf8 20. f5 Bc8
21. Nd5 Ne5 22. fxg6 hxg6 23. Nf3 Nd3 24. Qh4 c4 25. b3 Qc5+ 26. Nd4 Be6 27. Rad1 Bxd5 28. exd5 b5 29. Be4 Rd6 30. Rf3 a6
31. Rdf1 Ne5 32. Re3 cxb3 33. axb3 b4 34. Bg2 bxc3 35. Rc1 Qb6 36. Rcxc3 Kg7 37. Re2 Rf6 38. Rf2 Ng4
0-1

[Event "New England Club Championship"]
[Site "SchemingMind.com"]
[Date "2011.07.13"]
[Round "-"]
[White "AussieMossie"]
[Black "zogger"]
[Result "1-0"]
[WhiteCountry "AUS"]
[BlackCountry "GER"]
[WhiteElo "2331"]
[WhiteRD "105"]
[BlackElo "2172"]
[BlackRD "70"]
[GameID "288675"]

1. e4 c6 2. d4 d5 3. Nc3 dxe4 4. Nxe4 Bf5 5. Ng3 Bg6 6. h4 h6 7. Nf3 Nd7 8. h5 Bh7 9. Bd3 Bxd3 10. Qxd3 e6
11. Bf4 Ngf6 12. O-O-O Be7 13. Kb1 O-O 14. Ne4 Nxe4 15. Qxe4 Nf6 16. Qe2 Qd5 17. Ne5 Qe4 18. Qxe4 Nxe4 19. Rhe1 Nf6 20. g4 Bd6
21. f3 a5 22. c4 Rfd8 23. Bg3 a4 24. Re2 Bc5 25. Red2 Bb6 26. Kc2 Bc7 27. Bh4 c5 28. Bg3 b6 29. Nxf7 Bxg3 30. Nxd8 Rxd8
31. dxc5 Rxd2+ 32. Rxd2 bxc5 33. Rd8+ Kf7 34. Ra8 Nd7 35. Rxa4 Ne5 36. Kd1 Kf6 37. Ke2 Nc6 38. Ra6 Nd4+ 39. Ke3 Ke5 40. a4 Bf4+
41. Kd3
1-0

[Event "New England Club Championship"]
[Site "SchemingMind.com"]
[Date "2011.09.27"]
[Round "-"]
[White "Professor"]
[Black "Uzi Mike"]
[Result "0-1"]
[WhiteCountry "USA"]
[BlackCountry "USA"]
[WhiteElo "2316"]
[WhiteRD "99"]
[BlackElo "2243"]
[BlackRD "74"]
[GameID "293698"]

1. e4 e5 2. Nf3 Nc6 3. Bc4 Nf6 4. d3 Bc5 5. c3 O-O 6. O-O d5 7. exd5 Nxd5 8. Re1 Bg4 9. Nbd2 Nb6 10. Bb5 Bd6
11. h3 Bh5 12. Ne4 f5 13. Ng3 Bxf3 14. Qxf3 Qd7 15. Nf1 e4 16. dxe4 Ne5 17. Bxd7 Nxf3+ 18. gxf3 Nxd7 19. Ng3 Ne5 20. Kg2 fxe4
21. fxe4 Nf3 22. Re2 Rae8 23. Be3 Nh4+ 24. Kh1 Rf3 25. Rae1 h6 26. Bd4 Bxg3 27. fxg3 Rxg3 28. Re3 Rg5 29. R3e2 c5 30. Bf2 Ng2
31. Rg1 Nf4 32. Rxg5 hxg5 33. Re3 c4 34. Kh2 Rd8 35. Kg3 Rd2 36. Re1 Nd3 37. Rf1 b6 38. b4 Ne5 39. Re1 Kf7 40. Bd4 Nc6
41. Rf1+ Kg6 42. Bg1 Rc2 43. Bd4 Rxa2 44. b5 Nxd4 45. cxd4 Ra3+ 46. Kg2 Re3 47. e5 Rd3 48. e6 Rxd4 49. Re1 Rd8 50. Kf3 Rc8
51. Ke2 Kf6 52. Kd2 Re8 53. Kc3 Rxe6 54. Rf1+ Kg6 55. Kxc4 Re3 56. Rh1 Ra3 57. Kb4 Rf3
0-1

[Event "New England Club Championship"]
[Site "SchemingMind.com"]
[Date "2011.09.27"]
[Round "-"]
[White "Uzi Mike"]
[Black "Professor"]
[Result "0-1"]
[WhiteCountry "USA"]
[BlackCountry "USA"]
[WhiteElo "2243"]
[WhiteRD "74"]
[BlackElo "2316"]
[BlackRD "99"]
[GameID "293705"]

1. d4 Nf6 2. Nc3 d5 3. Bg5 c6 4. e3 Qb6 5. Rb1 Bf5 6. Bd3 Bxd3 7. cxd3 Nbd7 8. Nge2 e6 9. e4 Be7 10. O-O h6
11. Be3 O-O 12. Ng3 Rac8 13. e5 Ne8 14. Qg4 Kh7 15. f4 f5 16. exf6 Bxf6 17. Nce2 Nc7 18. f5 Rce8 19. Kh1 e5 20. Nh5 Re7
21. Bf2 Qa6 22. Nxf6+ Nxf6 23. Qg3 e4 24. Nf4 Rff7 25. Ng6 Re8 26. Be3 c5 27. dxc5 Qxd3 28. Rbd1 Qa6 29. Ne5 Rfe7 30. Bxh6 e3
31. Qg6+ Kg8 32. Rfe1 Ne4 33. c6 bxc6 34. Rxe3 c5 35. Nc6 Rf7 36. Kg1 Qxa2 37. Re2 Qb3 38. Rde1 Qb6 39. g3 c4+ 40. Kg2 Qc5
41. g4 Qf8 42. Bg5 Nb5 43. h4 c3 44. h5 cxb2 45. h6 b1=Q 46. Rxb1 Nbc3 47. Rxe4 Nxe4 48. Bf4 Rf6 49. hxg7 Qf7 50. Qxf7+ Kxf7
51. Rb7+ Kg8
0-1

[Event "New England Club Championship"]
[Site "SchemingMind.com"]
[Date "2011.10.19"]
[Round "-"]
[White "NYNH"]
[Black "JasonY1982"]
[Result "1/2-1/2"]
[WhiteCountry "USA"]
[BlackCountry "USA"]
[WhiteElo "2043"]
[WhiteRD "63"]
[BlackElo "2050"]
[BlackRD "98"]
[GameID "295189"]

1. d4 Nf6 2. c4 e6 3. Nc3 Bb4 4. Qc2 O-O 5. a3 Bxc3+ 6. Qxc3 b6 7. Bg5 Bb7 8. e3 d6 9. Ne2 Nbd7 10. Qd3 Qe7
11. Nc3 h6 12. Bh4 c5 13. Rd1 Rfd8 14. d5 exd5 15. Nxd5 Bxd5 16. cxd5 b5 17. Be2 c4 18. Qd4 a6 19. O-O Re8 20. a4 g5
21. Bg3 Ne4 22. axb5 axb5 23. b3 Ra2 24. Rfe1 cxb3 25. Bxb5 Rb8 26. Bc4 Nxg3 27. hxg3 Nc5 28. e4 f6 29. Re3 Qe5 30. Qxe5 fxe5
31. Rb1 Ra4 32. Bd3 Nxd3 33. Rxd3 Rxe4 34. Rdxb3 Rxb3 35. Rxb3=
1/2-1/2

[Event "New England Club Championship"]
[Site "SchemingMind.com"]
[Date "2011.10.18"]
[Round "-"]
[White "JasonY1982"]
[Black "NYNH"]
[Result "1/2-1/2"]
[WhiteCountry "USA"]
[BlackCountry "USA"]
[WhiteElo "2050"]
[WhiteRD "98"]
[BlackElo "2043"]
[BlackRD "63"]
[GameID "295193"]

1. e4 e6 2. d4 d5 3. Nc3 Nf6 4. e5 Nfd7 5. f4 c5 6. Nf3 Nc6 7. Be3 cxd4 8. Nxd4 Bc5 9. Qd2 O-O 10. O-O-O a6
11. h4 Nxd4 12. Bxd4 b5 13. Rh3 Bb7 14. g4 b4 15. Ne2 a5 16. Bxc5 Nxc5 17. Bg2 Qb6 18. h5 a4 19. Nd4 b3 20. cxb3 axb3
21. a3 Ba6 22. Kb1 Bc4 23. g5 Ne4 24. Qe3 Ra4 25. Bxe4 dxe4 26. Nxb3 Qxe3 27. Rxe3 Bxb3 28. Rxb3 e3 29. Rb4 Rxb4=
1/2-1/2

[Event "New England Club Championship"]
[Site "SchemingMind.com"]
[Date "2012.03.24"]
[Round "-"]
[White "AussieMossie"]
[Black "Professor"]
[Result "1/2-1/2"]
[WhiteCountry "AUS"]
[BlackCountry "USA"]
[WhiteElo "2226"]
[WhiteRD "111"]
[BlackElo "2320"]
[BlackRD "98"]
[GameID "306396"]

1. e4 e5 2. Nf3 Nc6 3. Bc4 Bc5 4. c3 Nf6 5. d4 exd4 6. e5 d5 7. Bb5 Ne4 8. cxd4 Bb6 9. Bxc6+ bxc6 10. Qc2 c5
11. dxc5 Bxc5 12. O-O O-O 13. Nc3 Bb6 14. Nxe4 Bf5 15. Bg5 Bxe4 16. Bxd8 Bxc2 17. Bxc7 Bxc7 18. Rfc1 Bxe5 19. Rxc2 Bf6 20. Rac1 Rfe8
21. b3 Kf8 22. Kf1 Rad8 23. h3 Re6 24. Rc6 Rxc6 25. Rxc6 Ke7 26. Ke2 Rd6 27. Rc7+ Rd7 28. Rc8 Kd6 29. Kd3 Rd8 30. Rxd8+ Bxd8
31. Nd4 g6 32. b4 a5 33. bxa5 Bxa5 34. a4 Bb6 35. f4 h5 36. g3 Bd8 37. Nb3 Kc6 38. a5 Bc7 39. Ke3 Kb5 40. Kd4 h4
41. gxh4 Bxf4 42. Kxd5 Bg3 43. Nd4+ Kxa5 44. Nc6+ Kb5 45. Ne5 Bxe5 46. Kxe5 f5=
1/2-1/2